| 000 | 00851nam a2200253 i 4500 | ||
|---|---|---|---|
| 001 | 16314 | ||
| 003 | ES-MaACL | ||
| 005 | 20250824012655.0 | ||
| 007 | t| | ||
| 008 | 000828s2000 sp ||||1| spa d | ||
| 020 | _a84-95394-05-7 | ||
| 080 | _a792(460.288 A.)"19" | ||
| 100 | 1 |
_aOchando Madrigal, Emilia. _986469 |
|
| 245 | 1 | 3 |
_aEl teatro en Albacete durante la edad de plata _b: (1924-1936) / _cEmilia Ochando Madrigal. |
| 260 |
_aAlbacete : _bInstituto de Estudios Albacetenses "Don Juan Manuel", _c2000. |
||
| 300 |
_a500 p. ; _c24 cm. |
||
| 490 | 1 |
_aSerie I--Estudios ; _v116 |
|
| 594 | _aBasado en la tesis de la autora | ||
| 650 | 4 |
_aTeatro- _zAlbacete _917291 |
|
| 710 | 2 |
_aInstituto de Estudios Albacetenses. _94884 |
|
| 830 | 1 |
_aSerie I--Estudios ; _v116 _9179228 |
|
| 852 | 4 |
_aES-MaACL _jL-23581 |
|
| 999 |
_c16314 _d16314 |
||